Statistics for Camp Mi-Te-Na Staff Members

Click here to take the quiz!

General Stats

  • This quiz has been taken 3 times
  • The average score is 16 of 33

Answer Stats

AreaHintStaff% Correct
HobbiesPioneer counselor, Arts & Crafts supervisorPeter
100%
HobbiesPart-time riflery supervisorAlex Bleakley
50%
Sportsfield, HobbiesCabin 9 counselor with luscious locksArlo
50%
SportsfieldBritish Sportsfield DirectorAshley Della Savina
50%
WaterfrontWaterfront DirectorBen Gorelick
50%
HobbiesFrontier counselor, blonde OLS supervisorBobby
50%
HobbiesLIT counselor, Tomahawk supervisorElliot
50%
HobbiesPart-time archery supervisorEric
50%
Camp Mi-Te-NaAssistant Director, photographerEric Werner
50%
Waterfront^'s Cabin 8 counselor companionEvan
50%
HobbiesPioneer counselor, English teacherGarrett
50%
WatefrontBearded Cabin 11 counselorGreg
50%
SportsfieldNicknamed "Money" and "Sus"Gus
50%
SportsfieldRanger Village HeadJackson Turni
50%
WaterfrontPioneer counselor, delivers Star Wars factsJacob
50%
Camp Mi-Te-NaProgram DirectorJason Holdsworth
50%
WatefrontSupervised my cabin on the water trampolineJuan
50%
Sportsfield^'s Cabin 10 counselor companionKeith
50%
Sportsfield^'s laidback Cabin 9 counselor companionLucas
50%
WaterfrontPioneer counselor, long orange hairLucas
50%
Store"Shopkeeper"McKayla
50%
Sportsfield^'s Cabin 11 counselor companionOwen
50%
WaterfrontTo Be DeterminedPatrick Wilson
50%
UnknownTo Be DeterminedPhil
50%
NurseNurseRebecca
50%
Camp Mi-Te-NaStaff Development Manager, namesake of a baseball fieldRick Ross
50%
Waterfront^'s brotherRyan Bleakley
50%
SportsfieldPioneer counselor, rugby fanSareen?
50%
SportsfieldShares a name with my brother's best friend from Cabin 9Zach
50%
SportsfieldFrontier Village HeadZebulon West-Groover
50%
SportsfieldTo Be DeterminedConnor
0%
WaterfrontTo Be DeterminedDennis
0%
WaterfrontTo Be DeterminedWolf
0%

Score Distribution

Percentile by Number Answered

Percent of People with Each Score

Your Score History

You have not taken this quiz